000 01613nam a22002537a 4500
003 OSt
005 20240712145536.0
008 240423t2001 ck gr 000 0 spa d
020 _a9588061660
037 _bDonación
040 _aCO-JMCR
_cCO-JMCR
_dCO-JMCR
_erda
_bspa
041 0 _aspa
082 0 4 _223
_a305.4
_bT36f
100 1 _aThomas, Florence,
_d1943-
_eautora
_943646
245 1 3 _aLa mujer tiene la palabra /
_cFlorence Thomas.
260 _aBogotá :
_bAguilar ,
_c©2001
300 _a284 páginas ;
_c21 cm.
505 0 _tEl amor -- Las mujeres -- Los hombres -- La guerra -- Homosexualismos -- Betty -- Nostalgias.
520 3 _aExisten dos sexos... Es una realidad inconvertible que debe plasmarse hoy en las ciencias sociales en general, pero también y urgentemente en los medios. Con estas 49 primeras columnas, la mayoría publicadas en el periódico El Tiempo, he querido ante todo visibilizar otra manera de estar en el mundo, otra manera de estar en el mundo, otra manera de interpretarlo, construyendo así tal vez y poco a poco una crítica de la diferencia, un pensamiento de la diferencia desde esta otra orilla habitada por un extraño sujeto social llamado mujer. y si estas columnas pueden presentar un breve inventario para una ética de lo cotidiano en un mundo habitado por hombres y mujeres que deben aprender a reconocerse iguales en la diferencia, este ejercicio no habrá sido en vano.
650 1 4 _2JMCR
_aFeminismo
_xAspectos sociales
_943647
650 2 4 _2JMCR
_aMujeres
_yFrancia
_943648
650 3 4 _2JMCR
_aCondiciones sociales
_vConferencias
_943649
942 _2ddc
_cBK
999 _c30744
_d17128